[Event "Karvina op"]
[Site "Karvina"]
[Date "2017.07.01"]
[Round "1"]
[White "Divis, Jan"]
[Black "Stehlik, Jiri"]
[Result "0-1"]
[WhiteElo "1597"]
[BlackElo "1973"]
[PlyCount "108"]
[EventDate "2017.07.01"]
[EventType "swiss"]
[EventRounds "9"]
[EventCountry "CZE"]
[SourceTitle "EXT 2018"]
[Source "ChessBase"]
[SourceDate "2017.10.13"]
[SourceVersion "1"]
[SourceVersionDate "2017.10.13"]
[SourceQuality "1"]

1. d4 Nf6 2. Bf4 b6 3. e3 Bb7 4. Nd2 e6 5. Ngf3 Be7 6. c3 Nh5 7. Bg3 d5 8. Be2 Nd7 9. 0-0 c5 10. Ne5 Nxg3 11. hxg3 Nxe5 12. dxe5 0-0 13. f4 Qc7 14. Qa4 a6 15. Qc2 b5 16. Rac1 Rac8 17. Qb1 Qb6 18. Rfe1 c4 19. Nf1 f6 20. exf6 Bxf6 21. Bf3 e5 22. Kh2 e4 23. Bg4 Rcd8 24. a3 Be7 25. Re2 a5 26. Rce1 b4 27. axb4 axb4 28. cxb4 Bxb4 29. Rd1 Qg6 30. Bh3 Bc6 31. Qc2 Ra8 32. Qb1 Rfd8 33. Rd4 Bc5 34. Rdd2 h5 35. Kg1 Ra5 36. f5 Qf6 37. g4 h4 38. g3 Bd6 39. gxh4 Qxh4 40. Kg2 Kf7 41. Rc2 Rh8 42. Kg1 Qxh3 43. Rh2 Bxh2+ 44. Rxh2 Qxg4+ 45. Rg2 Qh4 46. Rh2 Qd8 47. Rg2 d4 48. Qc1 Qd5 49. Qe1 Rh6 50. Qg3 Qe5 51. exd4 Qxg3 52. Nxg3 e3 53. Re2 Ra1+ 54. Nf1 Rh1# 0-1

[Event "Pobeskydy op"]
[Site "Frydek Mistek"]
[Date "2017.04.17"]
[Round "9"]
[White "Stehlik, Jiri"]
[Black "Lojek, Marek"]
[Result "1-0"]
[WhiteElo "1967"]
[BlackElo "2077"]
[PlyCount "51"]
[EventDate "2017.04.13"]
[EventType "swiss"]
[EventRounds "9"]
[EventCountry "CZE"]
[SourceTitle "CBM 177 Extra"]
[Source "ChessBase"]
[SourceDate "2017.04.27"]
[SourceVersion "1"]
[SourceVersionDate "2017.04.27"]
[SourceQuality "1"]

1. d4 Nf6 2. Nf3 e6 3. g3 d5 4. Bg2 c5 5. 0-0 Nc6 6. c4 a6 7. cxd5 exd5 8. b3 cxd4 9. Nxd4 Bc5 10. Bb2 0-0 11. Nxc6 bxc6 12. Qc2 Qb6 13. Bxf6 gxf6 14. Nc3 Be7 15. Rac1 Bd7 16. Rfd1 Ba3 17. Rb1 a5 18. Na4 Qb4 19. h3 Rfd8 20. e3 Qe7 21. Rd4 Qe5 22. Rbd1 Qh5 23. Nb6 Rac8 24. Nxd7 Rxd7 25. Rh4 Qg6 26. Rg4 1-0

[Event "Pobeskydy op"]
[Site "Frydek Mistek"]
[Date "2017.04.14"]
[Round "3"]
[White "Stehlik, Jiri"]
[Black "Federic, Jozef"]
[Result "0-1"]
[WhiteElo "1967"]
[BlackElo "2296"]
[PlyCount "80"]
[EventDate "2017.04.13"]
[EventType "swiss"]
[EventRounds "9"]
[EventCountry "CZE"]
[SourceTitle "CBM 177 Extra"]
[Source "ChessBase"]
[SourceDate "2017.04.27"]
[SourceVersion "1"]
[SourceVersionDate "2017.04.27"]
[SourceQuality "1"]

1. d4 d5 2. Nf3 Nf6 3. g3 Bf5 4. Bg2 e6 5. 0-0 h6 6. c4 c6 7. b3 Bd6 8. Bb2 Nbd7 9. Nbd2 0-0 10. Re1 Ne4 11. a3 Ndf6 12. Nxe4 Bxe4 13. Nd2 Bxg2 14. Kxg2 Be7 15. Qc2 Qb6 16. c5 Qc7 17. b4 Nh7 18. a4 f5 19. f4 g5 20. e3 Nf6 21. Qd3 Rf7 22. b5 Rg7 23. Kh1 Ng4 24. Qe2 h5 25. h3 Nf6 26. Rg1 Kh8 27. Rg2 Rag8 28. Rag1 Qa5 29. bxc6 bxc6 30. Qd3 Qxa4 31. Ra1 Qb4 32. Bc3 Qb8 33. Rag1 h4 34. fxg5 Rxg5 35. gxh4 Rg3 36. Nf1 Rxh3+ 37. Rh2 Rxh2+ 38. Nxh2 Rxg1+ 39. Kxg1 Qg3+ 40. Kh1 Ne4 0-1

[Event "CZE-chT2C 1617"]
[Site "Czech Republic"]
[Date "2016.12.11"]
[Round "5.8"]
[White "Kohout, Vratislav"]
[Black "Stehlik, Jiri"]
[Result "1/2-1/2"]
[WhiteElo "2027"]
[BlackElo "1967"]
[PlyCount "58"]
[EventDate "2016.10.09"]
[EventType "team-tourn"]
[EventRounds "11"]
[EventCountry "CZE"]
[SourceTitle "EXT 2022"]
[Source "ChessBase"]
[SourceDate "2021.10.06"]
[SourceVersion "1"]
[SourceVersionDate "2021.10.06"]
[SourceQuality "1"]
[WhiteTeam "Praha Vrsovice"]
[BlackTeam "Kolin"]
[WhiteTeamCountry "CZE"]
[BlackTeamCountry "CZE"]

1. d4 d5 2. Nf3 Nf6 3. Bf4 e6 4. Nbd2 Bd6 5. Bg3 c5 6. e3 Nc6 7. c3 0-0 8. Bd3 cxd4 9. exd4 Qc7 10. 0-0 Bxg3 11. hxg3 b6 12. Re1 g6 13. Qe2 Bb7 14. Rad1 a5 15. Qe3 Kg7 16. Qg5 h6 17. Qe3 Ba6 18. Bxa6 Rxa6 19. Qd3 Raa8 20. Ne5 Nxe5 21. Rxe5 Ng4 22. Re2 Rac8 23. Rde1 Rfe8 24. Qb5 Qc6 25. Qxc6 Rxc6 26. f3 Nf6 27. Kf2 h5 28. Ke3 Rec8 29. Kd3 Nd7 1/2-1/2

[Event "CZE-chT2C 1617"]
[Site "Czech Republic"]
[Date "2016.10.30"]
[Round "2.8"]
[White "Stehlik, Jiri"]
[Black "Lacina, Filip1111"]
[Result "1/2-1/2"]
[WhiteElo "1967"]
[BlackElo "1978"]
[PlyCount "90"]
[EventDate "2016.10.09"]
[EventType "team-tourn"]
[EventRounds "11"]
[EventCountry "CZE"]
[SourceTitle "EXT 2022"]
[Source "ChessBase"]
[SourceDate "2021.10.06"]
[SourceVersion "1"]
[SourceVersionDate "2021.10.06"]
[SourceQuality "1"]
[WhiteTeam "Kolin"]
[BlackTeam "Vysehrad II"]
[WhiteTeamCountry "CZE"]
[BlackTeamCountry "CZE"]

1. Nf3 Nf6 2. d4 c5 3. e3 e6 4. c4 d5 5. Nc3 Nc6 6. dxc5 Bxc5 7. a3 0-0 8. b4 Bd6 9. Bb2 a6 10. cxd5 exd5 11. Be2 Re8 12. 0-0 Bf5 13. Re1 Rc8 14. b5 axb5 15. Nxb5 Bb8 16. Rc1 Ne4 17. Nbd4 Bg4 18. g3 Qe7 19. Nxc6 bxc6 20. Nd4 Bd7 21. Bf1 c5 22. Nb5 Be6 23. Nc3 Nf6 24. a4 Bc7 25. Nb5 Ba5 26. Bc3 Bxc3 27. Nxc3 Red8 28. Nb5 Bd7 29. Qc2 Bxb5 30. axb5 c4 31. Bg2 Qc5 32. Rb1 Rb8 33. Qa4 Rd6 34. Qb4 Qxb4 35. Rxb4 Rdb6 36. Reb1 c3 37. Rc1 Rxb5 38. Rxb5 Rxb5 39. Rxc3 Kf8 40. Rc1 Ne4 41. Bxe4 dxe4 42. Rc4 f5 43. Rc7 Kg8 44. h3 h5 45. h4 Kh7 1/2-1/2

[Event "CZE-chT2C 1617"]
[Site "Czech Republic"]
[Date "2016.10.09"]
[Round "1.7"]
[White "Stehlik, Jiri"]
[Black "Svondr, Michal"]
[Result "1/2-1/2"]
[WhiteElo "1967"]
[BlackElo "1970"]
[PlyCount "40"]
[EventDate "2016.10.09"]
[EventType "team-tourn"]
[EventRounds "11"]
[EventCountry "CZE"]
[SourceTitle "EXT 2022"]
[Source "ChessBase"]
[SourceDate "2021.10.06"]
[SourceVersion "1"]
[SourceVersionDate "2021.10.06"]
[SourceQuality "1"]
[WhiteTeam "Kolin"]
[BlackTeam "Lysa nad Labem III"]
[WhiteTeamCountry "CZE"]
[BlackTeamCountry "CZE"]

1. Nf3 f5 2. d4 e6 3. g3 Nf6 4. Bg2 d5 5. 0-0 Bd6 6. c4 c6 7. b3 0-0 8. Ba3 Bxa3 9. Nxa3 Qe7 10. Qc1 Nbd7 11. Qb2 Ne4 12. Rad1 Qb4 13. Rd3 Nb6 14. Nc2 Qe7 15. Ne5 Nd7 16. Nxd7 Bxd7 17. f3 Nf6 18. Qa3 Qxa3 19. Nxa3 Rae8 20. f4 Re7 1/2-1/2